000 00600nam a22002177a 4500
003 UA-OsUOA
001 92505
007 ta
008 20121219b un ||||| |||| 00| 0 ukr d
100 _aБатура С.
090 _a32
_bБ28
942 _cSA
040 _aUA-OsUOA
_bukr
_cUA-OsUOA
_dUA-OsUOA
245 _aПолітико-правові особливості становлення виборчої ситеми в Україні
300 _aС.11-14
955 _a0
041 _aukr
080 _a32
773 0 _w92504
_tВіче
_dК.
_d2012
_g22
650 7 _a32 Політика
_2UDC
999 _c378764
_d378764